Score 0/20 Timer 08:00
0 Plays Today
% Correct
Mean Girls
98%
Hellboy
75.6%
Bad Boys
71.1%
The Girl with the Dragon Tattoo
68.5%
The Boy in the Striped Pyjamas
67.8%
The Girl on the Train
66.6%
My Girl
60.6%
Gone Girl
57.3%
About a Boy
57.2%
Jersey Boys
56.3%
% Correct
Bubble Boy
55.1%
Girl with a Pearl Earring
53.1%
Girl, Interrupted
52.7%
Tommy Boy
51.2%
Funny Girl
47.1%
The Lost Boys
46.4%
Astro Boy
44.9%
The Other Boleyn Girl
44%
Lars and the Real Girl
40.2%
The Danish Girl
38.3%
Remove Ads.
Support Sporcle.
Get the best of Sporcle when you Go Orange. This ad-free experience offers more features, more stats, and more fun while also helping to support Sporcle. Thank you for becoming a member.

You're not logged in!

Compare scores with friends on all Sporcle quizzes.
OR
Log In

Show Comments

Extras

Top Quizzes Today


Score Distribution

Your Account Isn't Verified!

In order to create a playlist on Sporcle, you need to verify the email address you used during registration. Go to your Sporcle Settings to finish the process.

Report this User

Report this user for behavior that violates our Community Guidelines.

Details: